<?xml version="1.0" encoding="UTF-8"?>
<record
    xmlns:xsi="http://www.w3.org/2001/XMLSchema-instance"
    xsi:schemaLocation="http://www.loc.gov/MARC21/slim http://www.loc.gov/standards/marcxml/schema/MARC21slim.xsd"
    xmlns="http://www.loc.gov/MARC21/slim">

  <leader>02445cam a2200337 i 4500</leader>
  <controlfield tag="001">16835409</controlfield>
  <controlfield tag="003">EG-ScBUE</controlfield>
  <controlfield tag="005">20230117142342.0</controlfield>
  <controlfield tag="008">110620s2010    enka   f      001 0 eng d</controlfield>
  <datafield tag="020" ind1=" " ind2=" ">
    <subfield code="a">0500515255 (hbk)</subfield>
  </datafield>
  <datafield tag="020" ind1=" " ind2=" ">
    <subfield code="a">9780500515259 (hbk)</subfield>
  </datafield>
  <datafield tag="040" ind1=" " ind2=" ">
    <subfield code="a">DLC</subfield>
    <subfield code="b">eng</subfield>
    <subfield code="e">rda</subfield>
    <subfield code="c">DLC</subfield>
    <subfield code="d">EG-ScBUE</subfield>
  </datafield>
  <datafield tag="082" ind1="0" ind2="4">
    <subfield code="2">22</subfield>
    <subfield code="a">747</subfield>
    <subfield code="b">POW</subfield>
  </datafield>
  <datafield tag="100" ind1="1" ind2=" ">
    <subfield code="a">Powers, Richard,</subfield>
    <subfield code="d">1967-</subfield>
    <subfield code="e">author.</subfield>
    <subfield code="9">29082</subfield>
  </datafield>
  <datafield tag="245" ind1="1" ind2="0">
    <subfield code="a">Living modern :</subfield>
    <subfield code="b">the sourcebook of contemporary interiors : with 740 color illustrations /</subfield>
    <subfield code="c">Richard Powers ; text by Phyllis Richardson.</subfield>
  </datafield>
  <datafield tag="264" ind1=" " ind2="1">
    <subfield code="a">London :</subfield>
    <subfield code="b">Thames &amp; Hudson,</subfield>
    <subfield code="c">2010.</subfield>
  </datafield>
  <datafield tag="300" ind1=" " ind2=" ">
    <subfield code="a">368 pages :</subfield>
    <subfield code="b">color illustrations ;</subfield>
    <subfield code="c">29 cm</subfield>
  </datafield>
  <datafield tag="336" ind1=" " ind2=" ">
    <subfield code="2">rdacontent</subfield>
    <subfield code="a">text</subfield>
    <subfield code="b">txt</subfield>
  </datafield>
  <datafield tag="337" ind1=" " ind2=" ">
    <subfield code="2">rdamedia</subfield>
    <subfield code="a">unmediated</subfield>
    <subfield code="b">n</subfield>
  </datafield>
  <datafield tag="338" ind1=" " ind2=" ">
    <subfield code="2">rdacarrier</subfield>
    <subfield code="a">volume</subfield>
    <subfield code="b">nc</subfield>
  </datafield>
  <datafield tag="500" ind1=" " ind2=" ">
    <subfield code="a">Includes index.</subfield>
  </datafield>
  <datafield tag="505" ind1="0" ind2=" ">
    <subfield code="a">Introduction -- Place : City ; Desert ; Forest ; Water ; Mountain &amp; hillside ; Remote ; Tropical -- Style : High rustic ; Minimal ; Retro ; Modern eclectic ; New ethnic ; Mid-century modern ; Baroque -- Architecture : Hallway ; Open plan ; Opening ; Partition ; Inside out ; Double height ; Levels ; Overhang ; Balcony -- Materials : Wood ; Concrete ; Glass ; Marble ; Metal ; Mixed ; Natural ; Brick &amp; stone -- Surface : Flooring ; Painted ; Printed ; Tiled ; Textured ; Panelled ; Polished -- Function : Entering ; Living ; Cooking &amp; eating ; Entertaining ; Working ; Sleeping ; Bathing -- Ambience : Natural light ; Screens ; Fire ; Colour ; White ; Pattern ; Neutral ; Contrast -- Elements : Stairs ; Objets d'art ; Soft furnishings ; Windows ; Display ; Storage ; Lighting ; Fixtures -- Furniture : Sculptural ; Built-in ; Retro ; Multi-functional ; Vintage ; Simple ; Plush ; Iconic -- Outdoors : Garden design ; Courtyard ; Planting ; Lounging ; Vista ; Terrace ; Al fresco ; Pool -- Resources : Architects &amp; designers ; Retailers.</subfield>
  </datafield>
  <datafield tag="520" ind1=" " ind2=" ">
    <subfield code="a">Understanding modern more as lifestyle than as style, it is all about clean lines, elegant colour combinations, maximising indoor-outdoor relationships, artfully collecting and displaying design objects and open areas for lounging, cooking and dining.</subfield>
  </datafield>
  <datafield tag="650" ind1=" " ind2="7">
    <subfield code="a">Interior decoration.</subfield>
    <subfield code="2">BUEsh</subfield>
    <subfield code="9">29083</subfield>
  </datafield>
  <datafield tag="650" ind1=" " ind2="7">
    <subfield code="a">Interior decoration</subfield>
    <subfield code="v">Pictorial works.</subfield>
    <subfield code="2">BUEsh</subfield>
    <subfield code="9">29084</subfield>
  </datafield>
  <datafield tag="653" ind1=" " ind2=" ">
    <subfield code="c">February2012</subfield>
    <subfield code="b">ART</subfield>
  </datafield>
  <datafield tag="655" ind1=" " ind2=" ">
    <subfield code="v">Reading book</subfield>
  </datafield>
  <datafield tag="700" ind1="1" ind2=" ">
    <subfield code="a">Richardson, Phyllis,</subfield>
    <subfield code="e">contributor.</subfield>
    <subfield code="9">29085</subfield>
  </datafield>
  <datafield tag="942" ind1=" " ind2=" ">
    <subfield code="2">ddc</subfield>
    <subfield code="c">BB</subfield>
  </datafield>
  <datafield tag="999" ind1=" " ind2=" ">
    <subfield code="c">16510</subfield>
    <subfield code="d">16510</subfield>
  </datafield>
  <datafield tag="952" ind1=" " ind2=" ">
    <subfield code="0">0</subfield>
    <subfield code="1">0</subfield>
    <subfield code="2">ddc</subfield>
    <subfield code="4">0</subfield>
    <subfield code="7">0</subfield>
    <subfield code="8">Alahram</subfield>
    <subfield code="a">MAIN</subfield>
    <subfield code="b">MAIN</subfield>
    <subfield code="c">2ND</subfield>
    <subfield code="d">2012-02-22</subfield>
    <subfield code="e">purchase</subfield>
    <subfield code="g">250.00</subfield>
    <subfield code="h">682</subfield>
    <subfield code="l">3</subfield>
    <subfield code="m">4</subfield>
    <subfield code="o">747 POW</subfield>
    <subfield code="p">000026170</subfield>
    <subfield code="r">2025-07-15 00:00:00</subfield>
    <subfield code="s">2018-07-09</subfield>
    <subfield code="w">2012-02-22</subfield>
    <subfield code="y">BB</subfield>
  </datafield>
</record>
